000 01926nam a2200253Ia 4500
008 260220t9999||||xx |||||||||||||| ||spa||
040 _aPY-SlUNAC
_bspa
_erda
041 _aspa
082 _a516.3
_bB391l
100 _aBedoya Fernández, Hernando
_eAutor
245 0 _aLecciones elementales de geometría analítica y cálculo /
_cpor Hernando Bedoya Fernández [Autor]
250 _aOctava edición
264 _a[Lugar de publicación no identificado] :
_bBedaut,
_c[Fecha de publicación no identificada].
300 _a1 volumen
520 _aEl libro "Lecciones elementales de geometría analítica y cálculo" de Hernando Bedoya Fernández presenta un enfoque didáctico sobre los fundamentos de la geometría analítica y el cálculo, dirigido principalmente a estudiantes de matemáticas y disciplinas afines. A lo largo de sus capítulos, el autor aborda conceptos esenciales como las ecuaciones de la recta, las cónicas, y las funciones, integrando teorías con aplicaciones prácticas que facilitan la comprensión. Además, se exploran temas de cálculo diferencial e integral, enfatizando la importancia de los límites y la continuidad en el análisis de funciones. Bedoya Fernández utiliza ejemplos ilustrativos y ejercicios propuestos que permiten al lector afianzar los conocimientos adquiridos. La obra se distingue por su claridad expositiva y su estructura progresiva, lo que la convierte en una herramienta valiosa para aquellos que buscan consolidar sus habilidades en estas áreas matemáticas. En definitiva, el texto es un recurso educativo que promueve el aprendizaje activo y la aplicación de conceptos matemáticos en situaciones reales.
653 _aCálculo
653 _aGeometría
653 _aMatemáticas
942 _b2026/02/17
_cBK
999 _c7614
_d7614